00536nam a2200157 i 450000100060000000300090000600500170001500700030003200800410003510000370007624500880011326000530020130000220025460000710027685200310034784275ES-MaACL20230906175003.0t|041122s1949 sp ||||1| spa d1 aIriarte, Joaquín (d1894-1970)13aLa ruta mental de Ortega b: crítica de su filosofía / cpor Joaquín Iriarte. aMadrid : bFax, c[1949] (fBolaños y Aguilar) a180 p. ; c19 cm.14aOrtega y Gasset, José,d1883-1955-xCrítica e interpretación aES-MaACLjB-8162 bR.29478